01176nam a22003257a 4500003000500000005001700005008004100022010001000063011001000073020001800083035001100101040000900112082001900121100002900140245009100169250001000260260004400270300004400314590004100358590004100399590004100440590004200481650002900523700003100552901000700583942001000590949008700600999001700687952014600704CHAP20220329143320.0080526s2008 us a r 00010 eng d a94845 a95817 a9780471787358 a106448 cCHAP04a536.7bM6 20081 aMoran, Michael J.97847910aFundamentals of engineering thermodynamicsc/by Michael J. Moran and Howard N. Shapiro a6 ed. aHoboken, NJ :bJohn Wiley & Sons,c2008 axv, 928 p. :bilus. ; gráfs. ; tablas aBATCH-UPDb10c20130110lUCH01h0511 aBATCH-UPDb10c20130410lUCH01h0149 aBATCH-UPDb10c20130914lUCH01h1830 aCONVERSIONb10c20130109lUCH01h135214aTermodinámica.91123661 aShapiro, Howard N.9105490 aBK cLIBRO a536.7 M6 2008bBCcLIBROd33724002060421eLIBROgI.c/eh109516i106448sit$927.00 c94845d94845 00102ddc4052708GRALaBCbBCcPA_GRALd2019-12-31eI.c/efLIBROl0o536.7 M6 2008p33724002060421r2019-12-31 00:00:00w2019-12-31yLIBRO